Perspectives and practices of education for sustainable development : (Record no. 13518)
[ view plain ]
| 000 -LEADER | |
|---|---|
| fixed length control field | 00999nam a22002537a 4500 |
| 003 - CONTROL NUMBER IDENTIFIER | |
| control field | OSt |
| 005 - DATE AND TIME OF LATEST TRANSACTION | |
| control field | 20250905021204.0 |
| 008 - FIXED-LENGTH DATA ELEMENTS--GENERAL INFORMATION | |
| fixed length control field | 250905t2025 |||||||| |||| 00| | eng d |
| 020 ## - INTERNATIONAL STANDARD BOOK NUMBER | |
| International Standard Book Number | 978-1-032-58801-8 |
| 040 ## - CATALOGING SOURCE | |
| Transcribing agency | JMCFI - Learning Resource Center |
| 082 ## - DEWEY DECIMAL CLASSIFICATION NUMBER | |
| Classification number | GS/Cir. 378 P467 2025 |
| 245 ## - TITLE STATEMENT | |
| Title | Perspectives and practices of education for sustainable development : |
| Remainder of title | a critical guide for higher education / |
| Statement of responsibility, etc. | edited by Rehema M. White [ and three others]. |
| 260 ## - PUBLICATION, DISTRIBUTION, ETC. | |
| Place of publication, distribution, etc. | New York : |
| Name of publisher, distributor, etc. | Routledge, |
| Date of publication, distribution, etc. | 2025. |
| 300 ## - PHYSICAL DESCRIPTION | |
| Extent | xxiii, 293 pages : |
| Other physical details | colored, illus. ; |
| Dimensions | 24 cm |
| 500 ## - GENERAL NOTE | |
| General note | Includes indexes, glossary and biographical records. |
| 504 ## - BIBLIOGRAPHY, ETC. NOTE | |
| Bibliography, etc. note | Includes bibliographical references. |
| 650 ## - SUBJECT ADDED ENTRY--TOPICAL TERM | |
| Topical term or geographic name entry element | Higher education. |
| 9 (RLIN) | 13147 |
| 650 ## - SUBJECT ADDED ENTRY--TOPICAL TERM | |
| Topical term or geographic name entry element | Higher education |
| General subdivision | Sustainability. |
| 9 (RLIN) | 41853 |
| 700 ## - ADDED ENTRY--PERSONAL NAME | |
| Personal name | White, Rehema M |
| Relator term | editor |
| 9 (RLIN) | 41854 |
| 700 ## - ADDED ENTRY--PERSONAL NAME | |
| Personal name | Kemp, Simon |
| Relator term | editor |
| 9 (RLIN) | 41855 |
| 700 ## - ADDED ENTRY--PERSONAL NAME | |
| Personal name | Price, Elizabeth A. C |
| Relator term | editor |
| 9 (RLIN) | 41856 |
| 700 ## - ADDED ENTRY--PERSONAL NAME | |
| Personal name | Longhurst, James W. S |
| Relator term | editor |
| 9 (RLIN) | 41857 |
| 942 ## - ADDED ENTRY ELEMENTS (KOHA) | |
| Source of classification or shelving scheme | Dewey Decimal Classification |
| Koha item type | Books |
| Suppress in OPAC | No |
| Withdrawn status | Lost status | Source of classification or shelving scheme | Damaged status | Not for loan | Home library | Current library | Shelving location | Date acquired | Total Checkouts | Full call number | Barcode | Date last seen | Date last checked out | Copy number | Price effective from | Koha item type |
|---|---|---|---|---|---|---|---|---|---|---|---|---|---|---|---|---|
| Dewey Decimal Classification | LRC - Graduate School Library | LRC - College (Main) | Circulation - Graduate School | 08/12/2025 | 1 | GS/Cir. 378 P467 2025 c1 | GS00000273 | 06/18/2026 | 03/04/2026 | 1 | 09/05/2025 | Books | ||||
| Dewey Decimal Classification | LRC - Graduate School Library | LRC - Graduate School Library | Circulation - Graduate School | 08/12/2025 | GS/Cir. 378 P467 2025 c2 | GS00000274 | 09/05/2025 | 2 | 09/05/2025 | Books | ||||||
| Dewey Decimal Classification | LRC - Graduate School Library | LRC - Graduate School Library | Circulation - Graduate School | 08/12/2025 | GS/Cir. 378 P467 2025 c3 | GS00000275 | 09/05/2025 | 3 | 09/05/2025 | Books |